International construction cost survey 2010-11 (Record no. 113578)

MARC details
000 -LEADER
fixed length control field 01052cad a22002175a 4500
001 - CONTROL NUMBER
control field L155445
008 - FIXED-LENGTH DATA ELEMENTS--GENERAL INFORMATION
fixed length control field 120323s2011 xxk f s000 0 eng d
035 ## - SYSTEM CONTROL NUMBER
System control number (Sirsi) u155445
041 0# - LANGUAGE CODE
Language code of text/sound track or separate title eng
100 1# - MAIN ENTRY--PERSONAL NAME
Personal name Emmett, Gary
110 2# - MAIN ENTRY--CORPORATE NAME
Corporate name or jurisdiction name as entry element Turner and Townsend
9 (RLIN) 5813
245 00 - TITLE STATEMENT
Title International construction cost survey 2010-11
Remainder of title a year of stability
Medium [electronic resource]
260 ## - PUBLICATION, DISTRIBUTION, ETC.
Place of publication, distribution, etc. Brisbane
Name of publisher, distributor, etc. Turner and Townsend plc
Date of publication, distribution, etc. 2011
505 4# - FORMATTED CONTENTS NOTE
Formatted contents note Introduction -- Country Overviews -- Australia -- Canada -- China -- Dubai and Abu Dhabi -- Germany -- India -- Ireland -- Malaysia -- The Netherlands -- Russia -- Singapore -- South Africa -- South Korea -- UK -- US -- Vietnam -- Contributors
520 ## - SUMMARY, ETC.
Summary, etc. A detailed report comparing construction, material and labour costs and market conditions in the countries listed above.
590 ## - LOCAL NOTE (RLIN)
Local note KA NTK
651 #4 - SUBJECT ADDED ENTRY--GEOGRAPHIC NAME
Geographic name International
690 ## - LOCAL SUBJECT ADDED ENTRY--TOPICAL TERM (OCLC, RLIN)
Topical term or geographic name as entry element Cost management
9 (RLIN) 6233
856 40 - ELECTRONIC LOCATION AND ACCESS
Uniform Resource Identifier <a href="https://www.turnerandtownsend.com/821.html">https://www.turnerandtownsend.com/821.html</a>
Public note Download the report (pdf) free of charge at www.turnerandtownsend.com
942 ## - ADDED ENTRY ELEMENTS (KOHA)
Suppress in OPAC 0
Holdings
Withdrawn status Lost status Source of classification or shelving scheme Damaged status Not for loan Home library Current library Shelving location Date acquired Total Checkouts Full call number Barcode Date last seen Copy number Price effective from Koha item type
    Dewey Decimal Classification     Virtual Virtual Online 23/03/2012   ONLINE PUBLICATION 155445-2001 06/08/2019 1 06/08/2019 Book